| 000 | 00477cam a2200193ua 4500 | ||
|---|---|---|---|
| 020 | _c11.00 | ||
| 041 |
_aasm _h |
||
| 082 |
_a631.587 _bSUK/JA |
||
| 100 | _aSukumaran, Nair. | ||
| 245 |
_aJalasechanam / _cSukumaran Nair. _hTextual Documents |
||
| 260 |
_aThiruvananthapuram : _bState Instititute of Languages , _c1976. |
||
| 300 | _a ; . | ||
| 365 | _a11.00 | ||
| 504 | _a | ||
| 942 | _cBK | ||
| 999 |
_c4616 _d4616 |
||